00871nam a2200241Ia 4500003000400000005001700004008004100021020001800062040001800080041000800098082002000106100003200126245005300158250001200211260004400223300003100267650003200298650003800330650004700368942002900415999001900444952016600463OSt20251127115046.0210716s2014 xx 000 0 und d a9788131713310 cAIMIT LIBRARY aeng a006.3 21bWATD aWaterman, Donald A.9246981 aGuide to expert systems /cBy Donald A Waterman. a1st ed. aNew Delhi :bPearson Education ,c2014. axviii,419p. ;bPBc23.9 cm aExpert system tools9246982 aBuilding an expert system9246983 aExpert systerms in the marketplace9246984 2ddccBKe1stk006.3 WATD c196265d196265 00102ddc40708MCAaAIMITbAIMITeBook Paradiseg899.00iBill no:87931; Bill dt:2018-03-2l0o006.3 WATDpMCA15780r2026-05-23 00:00:00v629.30w2021-07-16yBK